[Event "Hastings Masters"]
[Site "Hastings, England"]
[Date "2015.01.04"
[Round "7.20"]
[White "Baterdene, Tsogbayar"]
[WhiteElo "1981"]
[Black "Maisuradze, Nino"]
[BlackElo "2323"]
[Result "0-1"]

1. e4 {[%clk 1:40:22]} c5 {[%clk 1:40:58]} 2. Nf3 {[%clk 1:40:33]} Nc6
{[%clk 1:38:06]} 3. d4 {[%clk 1:40:55]} cxd4 {[%clk 1:38:33]} 4. Nxd4
{[%clk 1:41:06]} e5 {[%clk 1:38:57]} 5. Nb5 {[%clk 1:40:57]} d6 {[%clk 1:39:25]}
6. N1c3 {[%clk 1:39:54]} a6 {[%clk 1:39:53]} 7. Na3 {[%clk 1:39:48]} b5
{[%clk 1:40:20]} 8. Nd5 {[%clk 1:39:11]} Nge7 {[%clk 1:40:45]} 9. Bg5
{[%clk 1:33:08]} h6 {[%clk 1:40:54]} 10. Bxe7 {[%clk 1:32:18]} Bxe7
{[%clk 1:38:13]} 11. c4 {[%clk 1:30:10]} b4 {[%clk 1:37:51]} 12. Nc2
{[%clk 1:30:30]} Rb8 {[%clk 1:31:38]} 13. b3 {[%clk 1:30:15]} O-O
{[%clk 1:31:46]} 14. Be2 {[%clk 1:28:24]} Bg5 {[%clk 1:28:10]} 15. Bg4
{[%clk 1:25:52]} Bb7 {[%clk 1:25:15]} 16. Qd3 {[%clk 1:20:24]} g6
{[%clk 1:23:26]} 17. O-O {[%clk 1:18:03]} a5 {[%clk 1:04:07]} 18. g3
{[%clk 1:13:39]} Ne7 {[%clk 0:43:22]} 19. h4 {[%clk 1:04:54]} Nxd5
{[%clk 0:43:10]} 20. cxd5 {[%clk 1:05:04]} Be7 {[%clk 0:40:51]} 21. Rfc1
{[%clk 1:04:41]} h5 {[%clk 0:30:28]} 22. Bh3 {[%clk 1:04:10]} Qe8
{[%clk 0:27:56]} 23. a3 {[%clk 0:57:44]} bxa3 {[%clk 0:27:54]} 24. Nxa3
{[%clk 0:57:44]} Bd8 {[%clk 0:26:06]} 25. Qe3 {[%clk 0:54:09]} Ra8
{[%clk 0:26:31]} 26. Nc4 {[%clk 0:53:07]} Qe7 {[%clk 0:25:05]} 27. Nb6
{[%clk 0:44:24]} Ra6 {[%clk 0:24:10]} 28. Na4 {[%clk 0:37:38]} f5
{[%clk 0:23:56]} 29. Bf1 {[%clk 0:34:26]} f4 {[%clk 0:23:11]} 30. Qd2
{[%clk 0:31:59]} g5 {[%clk 0:19:50]} 31. Bxa6 {[%clk 0:28:56]} Bxa6
{[%clk 0:20:18]} 32. Kh2 {[%clk 0:29:07]} gxh4 {[%clk 0:19:50]} 33. Rg1
{[%clk 0:29:03]} hxg3+ {[%clk 0:19:34]} 34. fxg3 {[%clk 0:28:50]} Kh7
{[%clk 0:19:38]} 35. Qf2 {[%clk 0:28:01]} Bc8 {[%clk 0:15:40]} 36. Raf1
{[%clk 0:24:17]} Qd7 {[%clk 0:12:36]} 37. Kh1 {[%clk 0:23:40]} f3
{[%clk 0:09:18]} 38. Qh2 {[%clk 0:20:47]} Qg4 {[%clk 0:09:17]} 39. Rf2
{[%clk 0:20:16]} Qxe4 {[%clk 0:01:58]} 40. Qxh5+ {[%clk 0:18:39]} Kg7
{[%clk 0:02:19]} 41. Nc3 {[%clk 0:19:03]} Qg4 {[%clk 0:40:13]} 42. Qxg4+
{[%clk 1:04:28]} Bxg4 {[%clk 0:40:33]} 43. Ne4 {[%clk 1:04:18]} Bb6
{[%clk 0:40:38]} 44. Rc1 {[%clk 1:02:11]} Bf5 {[%clk 0:36:34]} 45. Rc6
{[%clk 0:58:04]} Bd4 {[%clk 0:35:57]} 46. Rc7+ {[%clk 0:58:07]} Kg6
{[%clk 0:36:01]} 0-1

[Event "Hastings Masters"]
[Site "Hastings, England"]
[Date "2015.01.04"
[Round "7.21"]
[White "Ashton, Adam G"]
[WhiteElo "2398"]
[Black "Burrows, Martin P"]
[BlackElo "2128"]
[Result "1-0"]

1. e4 {[%clk 1:40:47]} e6 {[%clk 1:40:54]} 2. d3 {[%clk 1:37:36]} c5
{[%clk 1:40:47]} 3. g3 {[%clk 1:36:36]} Nc6 {[%clk 1:40:31]} 4. Bg2
{[%clk 1:36:21]} g6 {[%clk 1:40:17]} 5. Nf3 {[%clk 1:34:17]} Bg7 {[%clk 1:39:44]}
6. c3 {[%clk 1:34:29]} e5 {[%clk 1:35:15]} 7. Be3 {[%clk 1:28:35]} d6
{[%clk 1:35:15]} 8. O-O {[%clk 1:23:12]} Nge7 {[%clk 1:31:53]} 9. h3 O-O
{[%clk 1:30:24]} 10. d4 {[%clk 1:15:56]} b6 {[%clk 1:23:45]} 11. Na3
{[%clk 1:13:55]} Ba6 {[%clk 1:06:58]} 12. Re1 {[%clk 1:12:06]} Qe8
{[%clk 1:06:44]} 13. dxe5 {[%clk 1:04:35]} dxe5 {[%clk 1:05:55]} 14. Qa4
{[%clk 1:03:09]} Na5 {[%clk 0:58:51]} 15. Qxe8 {[%clk 0:59:22]} Rfxe8
{[%clk 0:58:59]} 16. Bf1 {[%clk 0:59:31]} Bxf1 {[%clk 0:51:15]} 17. Kxf1
{[%clk 0:59:27]} Red8 {[%clk 0:51:29]} 18. Nd2 {[%clk 0:53:19]} Rd7
{[%clk 0:48:15]} 19. Ndc4 {[%clk 0:48:22]} Nxc4 {[%clk 0:45:08]} 20. Nxc4
{[%clk 0:48:46]} Nc6 {[%clk 0:45:21]} 21. a4 {[%clk 0:48:50]} Bf8
{[%clk 0:44:20]} 22. Red1 {[%clk 0:44:44]} Rad8 {[%clk 0:44:30]} 23. Rxd7
{[%clk 0:45:07]} Rxd7 {[%clk 0:44:55]} 24. Ke2 {[%clk 0:45:31]} Be7
{[%clk 0:37:49]} 25. f3 {[%clk 0:38:57]} Kf8 {[%clk 0:37:27]} 26. h4
{[%clk 0:37:08]} Kg7 {[%clk 0:30:01]} 27. Bf2 {[%clk 0:36:09]} Rd8
{[%clk 0:29:16]} 28. a5 {[%clk 0:31:14]} b5 {[%clk 0:28:51]} 29. Ne3
{[%clk 0:31:38]} a6 {[%clk 0:26:28]} 30. Nd5 {[%clk 0:31:52]} Bd6
{[%clk 0:23:54]} 31. Be3 {[%clk 0:30:31]} Rb8 {[%clk 0:19:04]} 32. Rd1
{[%clk 0:24:58]} Nxa5 {[%clk 0:10:07]} 33. Ra1 {[%clk 0:23:52]} Nc4
{[%clk 0:10:12]} 34. Rxa6 {[%clk 0:23:54]} Nxe3 {[%clk 0:08:49]} 35. Kxe3
{[%clk 0:22:56]} Bf8 {[%clk 0:08:55]} 36. b3 {[%clk 0:15:16]} Rb7
{[%clk 0:06:44]} 37. g4 {[%clk 0:11:15]} h6 {[%clk 0:05:12]} 38. h5
{[%clk 0:11:27]} gxh5 {[%clk 0:03:52]} 39. gxh5 {[%clk 0:11:51]} Rb8
{[%clk 0:03:56]} 40. Kf2 {[%clk 0:11:12]} Rb7 {[%clk 0:03:17]} 41. Kg3
{[%clk 0:10:12]} Be7 {[%clk 0:48:16]} 42. Kg4 {[%clk 0:55:21]} Bg5
{[%clk 0:42:29]} 43. Kf5 {[%clk 0:55:25]} f6 {[%clk 0:42:29]} 44. Rc6
{[%clk 0:55:21]} c4 {[%clk 0:41:12]} 45. bxc4 {[%clk 0:55:30]} bxc4
{[%clk 0:41:35]} 46. Rxc4 {[%clk 0:55:50]} Rb1 {[%clk 0:41:20]} 47. Rc7+
{[%clk 0:55:55]} 1-0

[Event "Hastings Masters"]
[Site "Hastings, England"]
[Date "2015.01.04"
[Round "7.22"]
[White "Vanheirzeele, Daniel"]
[WhiteElo "2081"]
[Black "Ledger, Dave J"]
[BlackElo "2244"]
[Result "1/2-1/2"]

1. d4 {[%clk 1:40:59]} Nf6 {[%clk 1:38:28]} 2. c4 {[%clk 1:41:26]} g6
{[%clk 1:38:50]} 3. Nc3 {[%clk 1:41:51]} Bg7 {[%clk 1:39:15]} 4. e4
{[%clk 1:42:17]} d6 {[%clk 1:39:39]} 5. Nf3 {[%clk 1:42:38]} O-O {[%clk 1:39:50]}
6. Be2 {[%clk 1:43:03]} e5 {[%clk 1:39:09]} 7. O-O {[%clk 1:43:26]} Nc6
{[%clk 1:39:25]} 8. d5 {[%clk 1:43:46]} Ne7 {[%clk 1:39:50]} 9. Kh1
{[%clk 1:44:11]} Kh8 {[%clk 1:20:07]} 10. a4 {[%clk 1:42:25]} Nh5
{[%clk 1:12:27]} 11. Ng1 {[%clk 1:28:11]} Nf4 {[%clk 1:07:34]} 12. Bf3
{[%clk 1:26:18]} f5 {[%clk 1:02:44]} 13. g3 {[%clk 1:25:01]} fxe4
{[%clk 0:57:10]} 14. Nxe4 {[%clk 1:25:12]} Nh5 {[%clk 0:45:41]} 15. Bxh5
{[%clk 1:14:27]} gxh5 {[%clk 0:46:06]} 16. Qxh5 {[%clk 1:14:23]} Bf5
{[%clk 0:45:49]} 17. Qe2 {[%clk 1:11:01]} c6 {[%clk 0:35:49]} 18. Bg5
{[%clk 1:03:47]} Qd7 {[%clk 0:34:34]} 19. Bxe7 {[%clk 0:51:21]} Qxe7
{[%clk 0:34:58]} 20. f3 {[%clk 0:51:32]} cxd5 {[%clk 0:29:53]} 21. cxd5
{[%clk 0:51:53]} Rac8 {[%clk 0:30:01]} 22. g4 {[%clk 0:44:46]} Bg6
{[%clk 0:29:16]} 23. Nh3 {[%clk 0:43:36]} Bh6 {[%clk 0:24:53]} 24. Nc3
{[%clk 0:28:40]} Bf4 {[%clk 0:16:03]} 25. a5 {[%clk 0:19:16]} h5 {[%clk 0:12:20]}
26. Ra4 {[%clk 0:19:04]} Qh7 {[%clk 0:11:25]} 27. Nxf4 {[%clk 0:14:18]} exf4
{[%clk 0:11:49]} 28. Rg1 {[%clk 0:12:19]} Rce8 {[%clk 0:07:27]} 29. Qf2
{[%clk 0:11:34]} Re5 {[%clk 0:05:49]} 30. Ne2 {[%clk 0:05:47]} hxg4
{[%clk 0:04:41]} 31. Rxg4 {[%clk 0:06:02]} Bh5 {[%clk 0:04:42]} 32. Rgxf4
{[%clk 0:05:34]} Qb1+ {[%clk 0:03:16]} 33. Qg1 {[%clk 0:04:24]} Qxg1+
{[%clk 0:03:18]} 34. Kxg1 {[%clk 0:03:54]} Rc8 {[%clk 0:02:13]} 35. Nc3
{[%clk 0:02:57]} 1/2-1/2

[Event "Hastings Masters"]
[Site "Hastings, England"]
[Date "2015.01.04"
[Round "7.23"]
[White "Eames, Robert S"]
[WhiteElo "2237"]
[Black "ter Steeg, Marcus, Dr."]
[BlackElo "2000"]
[Result "1-0"]

1. e4 {[%clk 1:38:13]} c5 {[%clk 1:40:49]} 2. Nf3 {[%clk 1:38:08]} e6
{[%clk 1:41:08]} 3. d3 {[%clk 1:38:12]} d5 {[%clk 1:36:57]} 4. Qe2
{[%clk 1:37:52]} Nc6 {[%clk 1:35:16]} 5. g3 {[%clk 1:37:00]} Nf6 {[%clk 1:28:58]}
6. Bg2 {[%clk 1:36:54]} g6 {[%clk 1:18:46]} 7. Bg5 {[%clk 1:27:12]} dxe4
{[%clk 1:12:36]} 8. dxe4 {[%clk 1:26:42]} Qa5+ {[%clk 1:11:55]} 9. Nbd2
{[%clk 1:24:53]} Bg7 {[%clk 0:59:29]} 10. O-O {[%clk 1:21:55]} O-O
{[%clk 0:52:51]} 11. Nc4 {[%clk 1:14:31]} Qa6 {[%clk 0:47:46]} 12. Rfe1
{[%clk 1:13:41]} Bd7 13. Bf1 {[%clk 1:07:25]} Nd4 {[%clk 0:28:04]} 14. Nxd4
{[%clk 1:03:16]} cxd4 {[%clk 0:27:19]} 15. e5 {[%clk 0:56:56]} Nd5 16. Qe4
{[%clk 0:53:08]} h6 {[%clk 0:23:49]} 17. Bd2 {[%clk 0:50:21]} Bb5
{[%clk 0:21:19]} 18. b3 {[%clk 0:44:19]} Bxc4 {[%clk 0:11:19]} 19. Bxc4
{[%clk 0:38:03]} Qb6 {[%clk 0:10:57]} 20. h4 {[%clk 0:35:44]} Nc3
{[%clk 0:07:07]} 21. Bxc3 {[%clk 0:29:41]} dxc3 {[%clk 0:07:35]} 22. h5
{[%clk 0:28:22]} gxh5 {[%clk 0:07:50]} 23. Re3 {[%clk 0:25:40]} Qc7
{[%clk 0:07:13]} 24. Rae1 {[%clk 0:25:37]} Rfd8 {[%clk 0:06:01]} 25. Qh4
{[%clk 0:22:38]} Rac8 {[%clk 0:03:41]} 26. Qxh5 {[%clk 0:21:51]} Qe7
{[%clk 0:03:56]} 27. Bd3 {[%clk 0:20:01]} Rc5 {[%clk 0:04:02]} 28. f4
{[%clk 0:19:42]} b5 {[%clk 0:03:12]} 29. Re4 {[%clk 0:15:46]} Rxd3
{[%clk 0:02:04]} 30. cxd3 {[%clk 0:15:44]} c2 {[%clk 0:02:25]} 31. Rc1
{[%clk 0:15:55]} Rc3 {[%clk 0:01:24]} 32. Qe2 {[%clk 0:14:15]} Qc5+
{[%clk 0:01:52]} 33. Qf2 {[%clk 0:10:15]} Bf8 {[%clk 0:02:01]} 34. d4
{[%clk 0:07:52]} Qd5 {[%clk 0:01:08]} 35. Rxc2 {[%clk 0:06:27]} Rd3
{[%clk 0:01:04]} 36. Rce2 {[%clk 0:05:51]} Bb4 {[%clk 0:01:32]} 37. f5
{[%clk 0:05:11]} Rd1+ {[%clk 0:01:04]} 38. Kh2 {[%clk 0:05:19]} Bc3
{[%clk 0:00:51]} 39. fxe6 {[%clk 0:05:22]} Qxe6 {[%clk 0:00:52]} 40. Qf3
{[%clk 0:05:29]} Bxd4 {[%clk 0:00:46]} 41. Rg4+ {[%clk 0:02:36]} Kh7
{[%clk 0:32:08]} 42. Qe4+ {[%clk 0:51:35]} f5 {[%clk 0:32:25]} 43. Qb7+ 1-0

[Event "Hastings Masters"]
[Site "Hastings, England"]
[Date "2015.01.04"
[Round "7.24"]
[White "Barton, R Alan"]
[WhiteElo "2042"]
[Black "Brustkern, Juergen"]
[BlackElo "2236"]
[Result "0-1"]

1. b4 {[%clk 1:40:14]} e5 {[%clk 1:39:17]} 2. a3 {[%clk 1:40:00]} d5
{[%clk 1:38:42]} 3. Bb2 {[%clk 1:40:06]} Bd6 {[%clk 1:39:05]} 4. e3
{[%clk 1:39:42]} Nf6 {[%clk 1:37:17]} 5. Nf3 {[%clk 1:35:00]} Qe7
{[%clk 1:37:16]} 6. c4 {[%clk 1:32:13]} c6 {[%clk 1:37:21]} 7. cxd5
{[%clk 1:30:04]} cxd5 {[%clk 1:35:37]} 8. Be2 {[%clk 1:30:30]} O-O
{[%clk 1:35:14]} 9. O-O {[%clk 1:30:55]} Nbd7 {[%clk 1:30:15]} 10. d4
{[%clk 1:23:49]} e4 {[%clk 1:16:37]} 11. Nfd2 {[%clk 1:24:15]} Nb6
{[%clk 1:16:59]} 12. Nc3 {[%clk 1:22:41]} Bd7 {[%clk 1:17:06]} 13. Qb3
{[%clk 1:17:33]} Rad8 {[%clk 1:06:57]} 14. b5 {[%clk 1:12:33]} Bb8
{[%clk 0:59:46]} 15. Rfc1 {[%clk 1:08:18]} Qd6 {[%clk 0:59:56]} 16. Nf1
{[%clk 1:08:01]} Be6 {[%clk 0:58:31]} 17. a4 {[%clk 1:02:26]} Nc4
{[%clk 0:55:15]} 18. Bxc4 {[%clk 1:02:51]} dxc4 {[%clk 0:55:34]} 19. Qa3
{[%clk 1:03:07]} Qd7 {[%clk 0:55:03]} 20. Qa2 {[%clk 0:59:17]} Rc8
{[%clk 0:53:11]} 21. Ba3 {[%clk 0:59:15]} Rfe8 {[%clk 0:53:27]} 22. Qd2
{[%clk 0:53:21]} h5 23. Ng3 {[%clk 0:45:19]} Bd5 {[%clk 0:31:11]} 24. Nxd5
{[%clk 0:40:31]} Qxd5 {[%clk 0:31:35]} 25. h3 {[%clk 0:38:27]} h4
{[%clk 0:24:51]} 26. Nf1 {[%clk 0:37:13]} Qe6 {[%clk 0:13:50]} 27. Bb4
{[%clk 0:22:31]} Nd5 {[%clk 0:13:49]} 28. Bc3 {[%clk 0:22:50]} Bd6
{[%clk 0:10:27]} 29. Qb2 {[%clk 0:20:30]} Re7 {[%clk 0:07:10]} 30. a5
{[%clk 0:18:37]} f5 {[%clk 0:06:24]} 31. Ra4 {[%clk 0:13:29]} f4 {[%clk 0:05:31]}
32. Qe2 {[%clk 0:11:34]} f3 {[%clk 0:05:16]} 33. gxf3 {[%clk 0:11:52]} Qxh3
{[%clk 0:05:40]} 34. fxe4 {[%clk 0:08:18]} Rxe4 {[%clk 0:05:31]} 35. f3
{[%clk 0:06:34]} Re6 {[%clk 0:05:29]} 36. Nh2 {[%clk 0:04:44]} Bxh2+
{[%clk 0:05:16]} 37. Qxh2 {[%clk 0:05:10]} Rg6+ {[%clk 0:05:42]} 38. Kh1
{[%clk 0:04:30]} Qxf3+ {[%clk 0:06:04]} 0-1

[Event "Hastings Masters"]
[Site "Hastings, England"]
[Date "2015.01.04"
[Round "7.25"]
[White "Taylor, Adam C"]
[WhiteElo "2056"]
[Black "Ternault, Mathieu"]
[BlackElo "2225"]
[Result "1-0"]

1. d4 {[%clk 1:39:31]} d5 {[%clk 1:39:50]} 2. Nf3 {[%clk 1:39:55]} Nf6
{[%clk 1:39:44]} 3. c4 {[%clk 1:40:16]} c6 {[%clk 1:40:11]} 4. e3
{[%clk 1:40:18]} e6 {[%clk 1:38:32]} 5. Nc3 {[%clk 1:40:12]} Nbd7
{[%clk 1:38:57]} 6. Bd3 {[%clk 1:36:23]} Bd6 {[%clk 1:35:10]} 7. O-O
{[%clk 1:33:28]} dxc4 {[%clk 1:33:33]} 8. Bxc4 {[%clk 1:32:19]} b5
{[%clk 1:33:54]} 9. Bd3 {[%clk 1:29:19]} a6 {[%clk 1:33:16]} 10. a4
{[%clk 1:19:54]} Bb7 {[%clk 1:31:30]} 11. e4 {[%clk 1:12:21]} e5 {[%clk 1:24:17]}
12. axb5 {[%clk 1:08:34]} cxb5 {[%clk 1:17:19]} 13. d5 {[%clk 1:03:31]} O-O
{[%clk 1:14:25]} 14. Bg5 {[%clk 0:40:02]} Qb6 {[%clk 1:10:35]} 15. Ne2
{[%clk 0:33:42]} Rfc8 {[%clk 1:02:27]} 16. Ng3 {[%clk 0:33:21]} h6
{[%clk 0:59:13]} 17. Be3 {[%clk 0:32:54]} Bc5 {[%clk 0:58:34]} 18. Nf5
{[%clk 0:31:40]} Bxe3 {[%clk 0:54:39]} 19. Nxe3 {[%clk 0:29:15]} g6
{[%clk 0:51:24]} 20. Qe2 {[%clk 0:24:06]} Qd6 {[%clk 0:49:51]} 21. Nd2
{[%clk 0:19:22]} Nc5 {[%clk 0:39:55]} 22. Rfc1 {[%clk 0:15:11]} Na4
{[%clk 0:32:56]} 23. Rxc8+ {[%clk 0:15:06]} Rxc8 {[%clk 0:26:23]} 24. Bxb5
{[%clk 0:11:41]} axb5 {[%clk 0:26:41]} 25. Qxb5 {[%clk 0:12:05]} Nb6
{[%clk 0:23:23]} 26. f3 {[%clk 0:09:55]} Nfd7 {[%clk 0:19:11]} 27. Ndc4
{[%clk 0:08:28]} Nxc4 {[%clk 0:19:00]} 28. Nxc4 {[%clk 0:08:52]} Qc7
{[%clk 0:12:41]} 29. b3 {[%clk 0:09:03]} Ra8 {[%clk 0:10:20]} 30. Rxa8+
{[%clk 0:08:52]} Bxa8 {[%clk 0:10:46]} 31. g3 {[%clk 0:03:33]} Kg7
{[%clk 0:08:04]} 32. Kg2 {[%clk 0:03:57]} h5 {[%clk 0:07:19]} 33. Qb4
{[%clk 0:02:19]} Qb7 {[%clk 0:04:46]} 34. Qe7 {[%clk 0:02:10]} Nf6
{[%clk 0:01:32]} 35. Qxe5 {[%clk 0:01:55]} Qd7 {[%clk 0:00:34]} 36. Qc3
{[%clk 0:01:18]} Qd8 {[%clk 0:00:49]} 37. Ne5 {[%clk 0:01:11]} Kg8
{[%clk 0:00:43]} 38. b4 {[%clk 0:01:07]} h4 {[%clk 0:00:47]} 39. Qc5
{[%clk 0:00:42]} Bb7 {[%clk 0:00:35]} 40. b5 {[%clk 0:00:34]} Ne8
{[%clk 0:00:37]} 41. Nc4 {[%clk 0:32:18]} Qf6 {[%clk 0:42:09]} 42. Qb6
{[%clk 0:20:00]} h3+ {[%clk 0:35:31]} 43. Kxh3 {[%clk 0:17:35]} Qxf3
{[%clk 0:33:53]} 44. Qd8 {[%clk 0:15:59]} Qf1+ {[%clk 0:19:07]} 45. Kh4
{[%clk 0:16:13]} Qxc4 {[%clk 0:18:41]} 46. Qxe8+ {[%clk 0:16:40]} Kg7
{[%clk 0:19:05]} 47. Qe5+ {[%clk 0:14:36]} Kh7 {[%clk 0:19:32]} 48. Kg5
{[%clk 0:14:27]} Qxb5 {[%clk 0:11:20]} 49. Kf6 {[%clk 0:14:22]} Kg8
{[%clk 0:10:44]} 50. Qb8+ {[%clk 0:10:35]} Kh7 {[%clk 0:11:06]} 51. Qf8
{[%clk 0:10:46]} Qf1+ {[%clk 0:06:52]} 52. Ke7 {[%clk 0:10:55]} f5
{[%clk 0:06:15]} 53. Qf7+ {[%clk 0:07:17]} Kh6 {[%clk 0:06:23]} 54. e5
{[%clk 0:07:28]} Qe1 {[%clk 0:05:17]} 55. Kf6 {[%clk 0:07:19]} 1-0

[Event "Hastings Masters"]
[Site "Hastings, England"]
[Date "2015.01.04"
[Round "7.26"]
[White "Froewis, Annika"]
[WhiteElo "2036"]
[Black "Marusenko, Petr"]
[BlackElo "2194"]
[Result "0-1"]

1. e4 {[%clk 1:40:57]} c6 {[%clk 1:40:57]} 2. d4 {[%clk 1:41:23]} d5
{[%clk 1:41:23]} 3. Nc3 {[%clk 1:41:49]} dxe4 {[%clk 1:41:49]} 4. Nxe4
{[%clk 1:42:13]} Nf6 {[%clk 1:42:16]} 5. Nxf6+ {[%clk 1:42:21]} exf6
{[%clk 1:42:41]} 6. c3 {[%clk 1:42:39]} Bd6 {[%clk 1:43:05]} 7. Bd3
{[%clk 1:43:01]} O-O {[%clk 1:43:29]} 8. Qc2 {[%clk 1:42:48]} Re8+
{[%clk 1:43:52]} 9. Ne2 {[%clk 1:43:04]} g6 {[%clk 1:44:18]} 10. h4
{[%clk 1:39:02]} Be6 {[%clk 1:44:11]} 11. Bd2 {[%clk 1:34:50]} Nd7
{[%clk 1:43:42]} 12. c4 {[%clk 1:27:17]} a5 {[%clk 1:34:21]} 13. O-O-O
{[%clk 1:23:37]} Qc7 {[%clk 1:29:09]} 14. h5 {[%clk 1:07:48]} f5 {[%clk 1:28:08]}
15. g4 {[%clk 1:06:22]} Nf8 {[%clk 1:25:17]} 16. c5 {[%clk 0:58:27]} fxg4
{[%clk 1:22:00]} 17. cxd6 {[%clk 0:58:20]} Qxd6 {[%clk 1:22:28]} 18. hxg6
{[%clk 0:55:24]} fxg6 {[%clk 1:22:51]} 19. Bc4 {[%clk 0:34:39]} b5
{[%clk 1:22:19]} 20. Bf4 {[%clk 0:31:12]} Qd7 {[%clk 1:20:24]} 21. Bd3
{[%clk 0:27:08]} a4 {[%clk 1:20:32]} 22. Kb1 {[%clk 0:18:04]} Qf7
{[%clk 1:18:35]} 23. Qc5 {[%clk 0:06:44]} Bxa2+ {[%clk 1:17:21]} 24. Ka1
{[%clk 0:03:19]} Bd5 {[%clk 1:09:00]} 25. Rhe1 {[%clk 0:01:03]} Rxe2
{[%clk 1:01:51]} 26. Rxe2 {[%clk 0:00:46]} Qxf4 {[%clk 1:02:13]} 27. Rde1
{[%clk 0:00:46]} g3 {[%clk 1:01:42]} 28. fxg3 {[%clk 0:00:51]} Qxg3
{[%clk 1:02:06]} 29. Bxb5 {[%clk 0:00:36]} Qb3 {[%clk 1:02:14]} 30. Qa3
{[%clk 0:00:35]} Qxa3+ {[%clk 1:02:27]} 31. bxa3 {[%clk 0:01:04]} cxb5
{[%clk 1:02:45]} 32. Re7 {[%clk 0:01:10]} Rd8 {[%clk 1:01:59]} 33. Kb2
{[%clk 0:01:25]} Rd7 {[%clk 0:57:33]} 34. Re8 {[%clk 0:01:35]} Kg7
{[%clk 0:57:48]} 35. Kc3 {[%clk 0:01:37]} Ne6 {[%clk 0:56:46]} 36. Rd1
{[%clk 0:01:05]} h5 {[%clk 0:55:06]} 37. Kb4 {[%clk 0:00:53]} Bb3
{[%clk 0:55:15]} 38. Re1 {[%clk 0:00:33]} Rxd4+ {[%clk 0:55:36]} 39. Ka5
{[%clk 0:00:41]} Bc4 {[%clk 0:55:50]} 40. Rg1 {[%clk 0:00:34]} h4
{[%clk 0:55:57]} 41. Re7+ {[%clk 0:00:34]} Kf6 {[%clk 0:54:52]} 42. Rh7
{[%clk 0:47:38]} g5 {[%clk 1:44:17]} 43. Rg2 {[%clk 0:47:38]} Rd3
{[%clk 1:44:23]} 0-1

[Event "Hastings Masters"]
[Site "Hastings, England"]
[Date "2015.01.04"
[Round "7.27"]
[White "Low, Zhen Yu Cyrus"]
[WhiteElo "2028"]
[Black "Byron, Alan M"]
[BlackElo "2188"]
[Result "0-1"]

1. e4 {[%clk 1:40:59]} c6 {[%clk 1:40:46]} 2. d4 {[%clk 1:41:24]} d5
{[%clk 1:41:10]} 3. exd5 {[%clk 1:41:52]} cxd5 {[%clk 1:41:32]} 4. Bd3
{[%clk 1:42:21]} Nc6 {[%clk 1:41:52]} 5. c3 {[%clk 1:42:50]} Nf6 {[%clk 1:42:07]}
6. h3 {[%clk 1:43:19]} g6 {[%clk 1:41:08]} 7. Nf3 {[%clk 1:43:38]} Bg7
{[%clk 1:41:30]} 8. O-O {[%clk 1:43:46]} Qc7 {[%clk 1:41:45]} 9. Bg5
{[%clk 1:44:07]} O-O {[%clk 1:41:58]} 10. Re1 {[%clk 1:44:24]} Bf5
{[%clk 1:37:34]} 11. Bxf5 {[%clk 1:43:48]} gxf5 {[%clk 1:38:02]} 12. Bxf6
{[%clk 1:44:13]} Bxf6 {[%clk 1:38:03]} 13. Nbd2 {[%clk 1:44:30]} e6
{[%clk 1:37:37]} 14. Nf1 {[%clk 1:44:39]} Qf4 {[%clk 1:22:51]} 15. Qe2
{[%clk 1:18:08]} Kh8 {[%clk 1:20:31]} 16. Ne5 {[%clk 1:17:20]} Bxe5
{[%clk 1:15:43]} 17. dxe5 {[%clk 1:16:47]} Rg8 {[%clk 1:15:59]} 18. Ng3
{[%clk 1:05:58]} Qg5 {[%clk 1:10:18]} 19. h4 {[%clk 0:53:22]} Qxh4
{[%clk 1:09:07]} 20. Qh5 {[%clk 0:53:43]} Qg5 {[%clk 0:53:28]} 21. Qxg5
{[%clk 0:38:57]} Rxg5 {[%clk 0:53:56]} 22. Kh2 {[%clk 0:39:15]} Rag8
{[%clk 0:52:21]} 23. Re2 {[%clk 0:31:05]} f4 {[%clk 0:52:07]} 24. Nf1
{[%clk 0:31:21]} Rxg2+ {[%clk 0:52:22]} 25. Kh1 {[%clk 0:31:47]} Rg1+
{[%clk 0:52:11]} 26. Kh2 {[%clk 0:32:16]} f3 {[%clk 0:47:13]} 0-1

[Event "Hastings Masters"]
[Site "Hastings, England"]
[Date "2015.01.04"
[Round "7.28"]
[White "Haussernot, Cecile"]
[WhiteElo "2186"]
[Black "Fraser, John"]
[BlackElo "1934"]
[Result "1-0"]

1. e4 {[%clk 1:31:59]} c5 {[%clk 1:40:53]} 2. Nc3 {[%clk 1:32:22]} Nc6
{[%clk 1:41:18]} 3. g3 {[%clk 1:32:38]} g6 {[%clk 1:41:24]} 4. Bg2
{[%clk 1:32:39]} Bg7 {[%clk 1:41:47]} 5. d3 {[%clk 1:32:58]} d6 {[%clk 1:34:30]}
6. Nge2 {[%clk 1:25:59]} e6 {[%clk 1:30:09]} 7. O-O {[%clk 1:25:55]} Nge7
{[%clk 1:30:09]} 8. f4 {[%clk 1:26:17]} O-O {[%clk 1:26:46]} 9. g4
{[%clk 1:26:27]} Nd4 {[%clk 1:16:00]} 10. Ng3 {[%clk 1:26:17]} f5
{[%clk 0:55:58]} 11. g5 {[%clk 1:24:22]} e5 {[%clk 0:32:04]} 12. Be3
{[%clk 1:22:22]} Nec6 {[%clk 0:27:43]} 13. Nd5 {[%clk 1:21:59]} exf4
{[%clk 0:21:42]} 14. Nxf4 {[%clk 1:18:41]} Ne7 {[%clk 0:09:51]} 15. c3
{[%clk 1:17:21]} Ndc6 {[%clk 0:09:06]} 16. exf5 {[%clk 1:13:10]} Nxf5
{[%clk 0:08:53]} 17. Bd5+ {[%clk 1:12:27]} Kh8 {[%clk 0:09:15]} 18. Nxg6+
{[%clk 0:57:42]} hxg6 {[%clk 0:09:28]} 19. Qg4 {[%clk 0:56:30]} Nh6
{[%clk 0:04:02]} 20. Qe4 {[%clk 0:52:44]} Bf5 {[%clk 0:02:08]} 21. Nxf5
{[%clk 0:49:46]} gxf5 {[%clk 0:02:21]} 22. Qg2 {[%clk 0:35:11]} Qe8
{[%clk 0:00:45]} 23. Rf3 {[%clk 0:33:56]} f4 {[%clk 0:00:40]} 24. gxh6
{[%clk 0:32:38]} Bxh6 {[%clk 0:00:47]} 25. Rh3 {[%clk 0:32:43]} Rf6
{[%clk 0:00:43]} 26. Bxf4 {[%clk 0:32:45]} Qf8 {[%clk 0:00:44]} 27. Bxh6
{[%clk 0:30:36]} Rxh6 {[%clk 0:01:10]} 28. Rf1 {[%clk 0:30:53]} Qg7
{[%clk 0:01:25]} 29. Qxg7+ {[%clk 0:31:10]} Kxg7 {[%clk 0:01:52]} 30. Rf7+
{[%clk 0:31:33]} Kg6 {[%clk 0:02:12]} 31. Rg3+ {[%clk 0:31:57]} Kh5
{[%clk 0:02:30]} 32. Bf3+ {[%clk 0:32:19]} Kh4 {[%clk 0:02:51]} 33. Rf4#
{[%clk 0:32:45]} 1-0

[Event "Hastings Masters"]
[Site "Hastings, England"]
[Date "2015.01.04"
[Round "7.29"]
[White "Norinkeviciute, Rasa"]
[WhiteElo "2009"]
[Black "Flear, Christine"]
[BlackElo "2181"]
[Result "1/2-1/2"]

1. c4 e6 2. g3 d5 3. Bg2 Nf6 4. Nf3 Be7 5. O-O dxc4 6. Na3 c6 7. Nxc4 O-O 8. b3
b5 9. Nce5 Bb7 10. d4 h6 11. Qc2 Qb6 12. Bb2 Nbd7 13. Rac1 c5 14. Nxd7 Nxd7 15.
dxc5 Qxc5 16. Rfd1 Rad8 17. Qd2 Qb6 18. Bd4 Qa6 19. Qc3 Rc8 20. Qa1 Bf6 21. Qb2
Bd5 22. Bxf6 Nxf6 23. a3 Qb7 24. b4 Rxc1 25. Rxc1 Rc8 26. Rxc8+ 1/2-1/2

[Event "Hastings Masters"]
[Site "Hastings, England"]
[Date "2015.01.04"
[Round "7.30"]
[White "Spanton, Tim R"]
[WhiteElo "2002"]
[Black "Anderson, John"]
[BlackElo "2180"]
[Result "0-1"]

1. e4 e6 2. d3 d5 3. Nd2 Nf6 4. Ngf3 Be7 5. g3 c5 6. Bg2 Nc6 7. O-O b5 8. Re1
a5 9. exd5 exd5 10. Ne5 Nxe5 11. Rxe5 O-O 12. Nf3 h6 13. Bd2 Bd6 14. Re1 Qc7
15. Nh4 Bd7 16. Bc3 d4 17. Bxa8 dxc3 18. Bg2 cxb2 19. Rb1 Be5 20. Qf3 Bc3 21.
Re7 Qd6 22. Qe2 a4 23. Nf3 a3 24. Nd2 0-1